000 00590nmm a2200169Ia 4500
008 251105s9999||||xx |||||||||||||||||und||
020 _a9788484893738
041 _aspa
100 _aDomínguez García, Javier
245 0 _aMemorias del futuro :
_b Ideología y ficción en el símbolo de Santiago Apóstol
264 _a[Madrid, España] :
_bIberoamericana Vervuert,
_c2008
300 _a148 páginas
490 _aLa Casa de la Riqueza. Estudios de Cultura de España
650 _aHistory of Europe: Spain
856 _uhttps://public.digitaliapublishing.com/a/13710
942 _cCF
999 _c86593
_d86593